000 01543cam a2200265 4500
001 ABS67302
008 031211n2003 000 0 eng u
035 _a(Sirsi) u124612
100 _aMunden, K.
245 _aDDA report
260 _c2003
490 _aBuilding Engineer
_v78(12) December 2003, 12-26(15)
520 _aSeries of articles on the impact of the Disability Discrimination Act 1995 (DDA). "Act now - don't pay later" urges businesses and service providers to take urgent action to avoid penalties. "Why are security manufacturers ignoring the DDA?" looks at how the DDA affects building engineers. "Access solutions for the less abled" looks at the requirements of the DDA and lift provision. "Why is web accessibilty important to you?" deals with the design of websites with accessibility in mind. "Countdown to compliance" discusses when SMEs need to be prepared for the legislation. "A step closer to inclusive environments" discusses the issues of the DDA. "BS 8300: 2001, Part M etc and best practice:parameters for design and audit" looks at the legislation involved.
590 _aABS
650 _aDISABILITY DISCRIMINATION ACT 1995
650 _aBS 8300: 2001
650 _aBUILDING REGULATIONS 1991 APPROVED DOCUMENT M (2004 EDITION)
650 _aMANAGEMENT-BUSINESS MANAGEMENT-DISCRIMINATION-DISABILITY DISCRIMINATION-ACCESSIBILITY
690 _aBUILT ENVIRONMENT-CONSTRUCTION DESIGN
700 _aFalk, C.
700 _aMoody, A.
700 _aBarker, P.
700 _aBarker, S.
942 _n0
999 _c73956
_d73956